header

MRI of the shoulder / (Record no. 107403)

MARC details
000 -LEADER
fixed length control field 02046nam a2200457 i 4500
001 - CONTROL NUMBER
control field ebr10865280
003 - CONTROL NUMBER IDENTIFIER
control field CaPaEBR
006 - FIXED-LENGTH DATA ELEMENTS--ADDITIONAL MATERIAL CHARACTERISTICS--GENERAL INFORMATION
fixed length control field m o d
007 - PHYSICAL DESCRIPTION FIXED FIELD--GENERAL INFORMATION
fixed length control field cr cn|||||||||
008 - FIXED-LENGTH DATA ELEMENTS--GENERAL INFORMATION
fixed length control field 140509t20032003paua o 001 0 eng d
020 ## - INTERNATIONAL STANDARD BOOK NUMBER
Cancelled/invalid ISBN 9780781715904
International Standard Book Number 9781469875736 (e-book)
040 ## - CATALOGING SOURCE
Original cataloging agency CaPaEBR
Language of cataloging eng
Description conventions rda
-- pn
Transcribing agency CaPaEBR
035 ## - SYSTEM CONTROL NUMBER
System control number (OCoLC)421112507
050 14 - LIBRARY OF CONGRESS CALL NUMBER
Classification number RC939
Item number .Z538 2003eb
082 04 - DEWEY DECIMAL CLASSIFICATION NUMBER
Classification number 617.5/7207548
Edition number 23
100 1# - MAIN ENTRY--PERSONAL NAME
Personal name Zlatkin, Michael B.,
Relator term author.
245 10 - TITLE STATEMENT
Title MRI of the shoulder /
Statement of responsibility, etc Michael B. Zlatkin ; Beth Barry, acquisition editor ; Delois Patterson, developmental editor ; Mary Ann McLaughlin, supervising editor ; Kevin Kall, cover designer.
250 ## - EDITION STATEMENT
Edition statement Second edition.
264 #1 - PRODUCTION, PUBLICATION, DISTRIBUTION, MANUFACTURE, AND COPYRIGHT NOTICE
Place of production, publication, distribution, manufacture Philadelphia, Pennsylvania :
Name of producer, publisher, distributor, manufacturer Lippincott Williams & Wilkins,
Date of production, publication, distribution, manufacture, or copyright notice 2003.
Date of production, publication, distribution, manufacture, or copyright notice �2003
300 ## - PHYSICAL DESCRIPTION
Extent 1 online resource (317 pages) :
Other physical details illustrations (some color)
336 ## - CONTENT TYPE
Content type term text
Source rdacontent
337 ## - MEDIA TYPE
Media type term computer
Source rdamedia
338 ## - CARRIER TYPE
Carrier type term online resource
Source rdacarrier
500 ## - GENERAL NOTE
General note Includes index.
588 ## - SOURCE OF DESCRIPTION NOTE
Source of description note Description based on online resource; title from PDF title page (ebrary, viewed May 8, 2014).
590 ## - LOCAL NOTE (RLIN)
Local note Electronic reproduction. Palo Alto, Calif. : ebrary, 2014. Available via World Wide Web. Access may be limited to ebrary affiliated libraries.
650 #0 - SUBJECT ADDED ENTRY--TOPICAL TERM
Topical term or geographic name as entry element Shoulder
General subdivision Magnetic resonance imaging.
Topical term or geographic name as entry element Shoulder
General subdivision injuries.
Topical term or geographic name as entry element Magnetic resonance imaging.
Topical term or geographic name as entry element Shoulder
General subdivision radiography.
655 #0 - INDEX TERM--GENRE/FORM
Genre/form data or focus term Electronic books.
700 1# - ADDED ENTRY--PERSONAL NAME
Personal name Barry, Beth,
Relator term editor.
Personal name Patterson, Delois,
Relator term editor.
Personal name McLaughlin, Mary Ann,
Relator term editor.
Personal name Kall, Kevin,
Relator term cover designer.
776 08 - ADDITIONAL PHYSICAL FORM ENTRY
Display text Print version:
Main entry heading Zlatkin, Michael B.
Title MRI of the shoulder.
Edition Second edition.
Place, publisher, and date of publication Philadelphia, Pennsylvania : Lippincott Williams & Wilkins, c2003
Physical description xiii, 306 pages
International Standard Book Number 9780781715904
797 2# - LOCAL ADDED ENTRY--CORPORATE NAME (RLIN)
Corporate name or jurisdiction name as entry element ebrary.
856 40 - ELECTRONIC LOCATION AND ACCESS
Uniform Resource Identifier <a href="http://site.ebrary.com/lib/rucke/Doc?id=10865280">http://site.ebrary.com/lib/rucke/Doc?id=10865280</a>
Public note An electronic book accessible through the World Wide Web; click to view

No items available.

© 2026 Rongo University
Contact us: librarian | system librarian | Rongo university